Socio-ekonomický rozmer postavenia jednotlivca v medzinárodnom práve bakalárska práca

Guardado en:
Detalles Bibliográficos
Autor principal: Matejčíková, Barbora
Autor Corporativo: Fakulta medzinárodných vzťahov EU. Katedra medzinárodného práva
Otros Autores: Hraníková Pyteľová, Klaudia, 1985-
Formato: Libro
Lenguaje:eslovaco
Publicado: Bratislava 2025
Etiquetas: Agregar Etiqueta
Sin Etiquetas, Sea el primero en etiquetar este registro!

MARC

LEADER 00000nbm a2200000 4500
001 0309691
005 20260223125657.9
041 0 |a slo 
044 |a SK 
245 1 0 |a Socio-ekonomický rozmer postavenia jednotlivca v medzinárodnom práve  |b bakalárska práca  |c Barbora Matejčíková ; školiteľ: Klaudia Hraníková Pyteľová 
264 1 |a Bratislava  |c 2025 
300 |a 68 s. 
100 1 |a Matejčíková, Barbora 
700 1 |a Hraníková Pyteľová, Klaudia, 1985- 
710 2 |a Fakulta medzinárodných vzťahov EU. Katedra medzinárodného práva